World Giving Index - Statistics

General Stats
  • This quiz has been taken 32 times
  • The average score is 12 of 20
Answer Stats
Rank Country % Correct
8 United Kingdom
100%
2 United States
96%
6 Canada
93%
3 Australia
86%
4 New Zealand
86%
14 Norway
86%
9 Ireland
82%
17 Iceland
79%
13 Netherlands
75%
20 Denmark
71%
10 United Arab Emirates
64%
7 Indonesia
54%
19 Kuwait
39%
18 Bhutan
29%
16 Malta
29%
12 Kenya
25%
1 Myanmar
25%
5 Sri Lanka
18%
15 Turkmenistan
7%
11 Uzbekistan
7%
No matching quizzes found
Score Distribution
Percent of People with Each Score
Percentile by Number Answered
Your Score History
You have not taken this quiz